Communist Manifesto Socialist Landmark : (Record no. 3459)
[ view plain ]
| 000 -LEADER | |
|---|---|
| fixed length control field | 00639nam a22002177a 4500 |
| 001 - CONTROL NUMBER | |
| control field | 3459 |
| 003 - CONTROL NUMBER IDENTIFIER | |
| rucl marc code | BD-RjUL |
| 005 - DATE AND TIME OF LATEST TRANSACTION | |
| control field | 20211208233732.0 |
| 008 - FIXED-LENGTH DATA ELEMENTS--GENERAL INFORMATION | |
| fixed length control field | 131219r19671948un | | |||| 001 0 eng d |
| 035 ## - SYSTEM CONTROL NUMBER | |
| System control number | (BD-RjUL)3493 |
| 040 ## - CATALOGING SOURCE | |
| Original cataloging agency | BD-RjUL |
| Language of cataloging | eng |
| Transcribing agency | BD-RjUL |
| 041 ## - LANGUAGE CODE | |
| Language code of text/sound track or separate title | eng |
| 082 04 - DEWEY DECIMAL CLASSIFICATION NUMBER | |
| Edition number | 21 |
| Classification number | 307.12160945 |
| Author mark and year | LAC |
| 100 ## - MAIN ENTRY--PERSONAL NAME | |
| Personal name | Laski, Harold J |
| 9 (RLIN) | 8238 |
| 245 ## - TITLE STATEMENT | |
| Title | Communist Manifesto Socialist Landmark : |
| Remainder of title | A New Appreciation Waitten for the Labour Party / |
| Statement of responsibility, etc. | Laski, Harold J |
| 260 ## - PUBLICATION, DISTRIBUTION, ETC. (IMPRINT) | |
| Place of publication, distribution, etc. | London : |
| Name of publisher, distributor, etc. | George Allen and Unwin Ltd |
| Date of publication, distribution, etc. | 1967 |
| 300 ## - PHYSICAL DESCRIPTION | |
| Pagination | 159p. ; |
| Size | 18cm. |
| 504 ## - BIBLIOGRAPHY, ETC. NOTE | |
| Bibliography, etc | Includes index |
| 650 07 - SUBJECT ADDED ENTRY--TOPICAL TERM | |
| Topical term or geographic name as entry element | Karl-Marx |
| 9 (RLIN) | 10881 |
| 942 ## - ADDED ENTRY ELEMENTS (KOHA) | |
| Source of classification or shelving scheme | Dewey Decimal Classification |
| Koha item type | Books |
| Lost status | Source of classification or shelving scheme | Damaged status | Not for loan | Collection code | Permanent Location | Current Location | Shelving location | Date acquired | Source of acquisition | Cost, normal purchase price | Total Checkouts | Full call number | Date last seen | Copy number | Koha item type |
|---|---|---|---|---|---|---|---|---|---|---|---|---|---|---|---|
| Dewey Decimal Classification | Non-fiction | Central Library, University of Rajshahi | Central Library, University of Rajshahi | 03/04/1973 | Book Center | 11.55 | 335.5092 LAC 1967 | 19/12/2013 | C-2 | Books | |||||
| Dewey Decimal Classification | Non-fiction | Central Library, University of Rajshahi | Central Library, University of Rajshahi | 05/08/1972 | Book Center | 11.55 | 335.5092 LAC 1967 | 26/06/2016 | C-3 | Books | |||||
| Dewey Decimal Classification | Non-fiction | Central Library, University of Rajshahi | Central Library, University of Rajshahi | 28/06/1976 | Eureka book agency | 30.00 | 335.5092 LAC | 26/06/2016 | C-4 | Books |